Linia nr 8 MZK Zielona Góra - Statystyki

Ogólne statystyki
  • Ten quiz został rozwiązany 74 razy
    63 od ostatniego zresetowania
  • Średni wynik to 12 z 19
Statystyki odpowiedzi
Minuty Przystanki % Poprawnych
5 Monte Cassino
85%
3 Wiśniowa
85%
15 Centrum
83%
17 Dworzec Główny
83%
11 Rondo PCK
83%
19 Staszica
83%
21 Szpital
83%
7 Węgierska
83%
13 Biblioteka Wojewódzka
80%
0 Botaniczna
80%
9 Wojska Polskiego
80%
1 Ogród Botaniczny
65%
32 Os.Śląskie
60%
26 Lotnik
50%
28 Os.Pomorskie
45%
30 Os.Pomorskie - Kościół
38%
27 Gajowa [NŻ]
23%
31 Os.Śląskie I
23%
24 UZ - Campus A
20%
Nie znaleziono quizów pasujących do podanych kryteriów
Rozkład punktacji
Procent ludzi z każdym wynikiem
Percentyl według liczby udzielonych odpowiedzi
Twoja historia wyników
Nie rozwiązałeś tego quizu od ostatniego zresetowania